|
|
|
|
| LEADER |
00000cas a2200000 a 4500 |
| 001 |
vtls001390564 |
| 003 |
SK-MaSNL |
| 005 |
20260228160139.0 |
| 008 |
200401|18511854xo a | 0 0 0und |
| 040 |
|
|
|a SNK
|b slo
|c SNK
|e AACR2
|
| 041 |
0 |
|
|a slo
|
| 044 |
|
|
|a xo
|c SK
|
| 072 |
|
7 |
|a 006.95
|x Chronológia
|2 konspekt
|
| 080 |
|
|
|a 006.95
|2 2011
|
| 080 |
|
|
|a (059)
|2 2011
|
| 245 |
0 |
0 |
|a Trnavský kalendár
|b na rok Pána ...
|
| 246 |
3 |
3 |
|a Trnavský kalendár
|
| 260 |
|
|
|a Trnava
|b František Hoffmann
|c 1851-1854
|
| 300 |
|
|
|a 4 zv.
|c 22 cm
|
| 310 |
|
|
|a 1x ročne
|
| 362 |
0 |
|
|a Roč. 1 (1851)-roč. 4 (1854)
|
| 500 |
|
|
|a Súčasťou názvu je konkrétny rok
|
| 500 |
|
|
|a Text je písaný švabachom
|
| 500 |
|
|
|a Vydavateľ: František Hoffmann
|
| 650 |
0 |
7 |
|a kalendáre
|2 SNKPH
|9 19075
|
| 655 |
|
7 |
|a kalendáre
|2 SNKPH
|9 70450
|
| 710 |
1 |
|
|a František Hoffmann (Trnava, Slovensko)
|4 pbl
|9 266033
|
| 910 |
|
|
|a snk
|
| 999 |
|
|
|c 1685
|d 3615
|
| 952 |
|
|
|0 0
|1 0
|4 0
|7 0
|a SNK
|b SNK
|d 2000-06-08
|f 1
|i snk 812/27
|l 0
|o snkČSC 77/1-4/1851-1854
|p 17A0241242
|r 2005-01-02 00:00:00
|w 2026-02-21
|y PREZ
|z Ročníky sú zviazané spoločne
|